000
00247nam a22001217a 4500
040
_c
SY
082
_a
338
100
_a
CHHAY KONGKEA
245
_a
Agricultural policy analysis
260
_a
RUA
_b
CHHAY KONGKEA
_c
2013
300
_a
367
942
_c
EK
999
_c
8887
_d
8887